书目信息 |
| 题名: |
词类复句研究
|
|
| 作者: | 罗日新 著 | |
| 分册: | ||
| 出版信息: | 长春 吉林人民出版社 2005 |
|
| 页数: | 150页 | |
| 开本: | 21cm | |
| 丛书名: | ||
| 单 册: | ||
| 中图分类: | H146.2 , H146.3 | |
| 科图分类: | ||
| 主题词: | 汉语--复句--研究 , 汉语--词类--研究 , 汉语 | |
| 电子资源: | ||
| ISBN: | 7-206-02457-2 | |
| 000 | 01115nam0 2200289 45 | |
| 001 | 012006021532 | |
| 005 | 20070709083749.39 | |
| 010 | @a7-206-02457-2@dCNY12.50 | |
| 092 | @aCN@b468626 | |
| 100 | @a20060215d2005 em y0chiy0121 ea | |
| 101 | 0 | @achi |
| 102 | @aCN@b220000 | |
| 105 | @ak z 000yy | |
| 200 | 1 | @a词类复句研究@9ci lei fu ju yan jiu@f罗日新著 |
| 205 | @a2版 | |
| 210 | @a长春@c吉林人民出版社@d2005 | |
| 215 | @a150页@d21cm | |
| 314 | @a罗日新,辽宁省辽宁县刘二堡人,毕业于北京师范大学中文系,现任辽宁师范大学中文系副教授,现代汉语教研室主任。著作有《语法疑难问题》、《经营之道与言语学问》等。 | |
| 330 | @a本书共收入论文20篇,集中两个课题:一个是词类问题,一个是句型问题,词类问题研究是集中在具有现代汉语特点的词类研究,如量词的特点和使用规律,方位词的特点和使用规律等。句型问题研究集中在复句的构成、复句的特点及复句与词义、复句与词类等方面的研究。 | |
| 606 | 0 | @a汉语@x复句@x研究 |
| 606 | 0 | @a汉语@x词类@x研究 |
| 606 | 0 | @a汉语 |
| 690 | @aH146.2@v4 | |
| 690 | @aH146.3@v4 | |
| 701 | 0 | @a罗日新@9luo ri xin@4著 |
| 801 | 0 | @aCN@bLZJBOOK@c20070709 |
| 905 | @a10447@dH146.2@e321=2 | |
| 词类复句研究/罗日新著.-2版.-长春:吉林人民出版社,2005 |
| 150页;21cm |
| ISBN 7-206-02457-2:CNY12.50 |
| 本书共收入论文20篇,集中两个课题:一个是词类问题,一个是句型问题,词类问题研究是集中在具有现代汉语特点的词类研究,如量词的特点和使用规律,方位词的特点和使用规律等。句型问题研究集中在复句的构成、复句的特点及复句与词义、复句与词类等方面的研究。 |
| ● |
| 相关链接 |
|
|
|
|
正题名:词类复句研究
索取号:H146.2/321=2
 
预约/预借
| 序号 | 登录号 | 条形码 | 馆藏地/架位号 | 状态 | 备注 |
| 1 | 0564095 | 205640957 | 第二样本阅览室/ [索取号:H146.2/321=2] | 在馆 | |
| 2 | 0564096 | 205640966 | 第四借阅区/ [索取号:H146.2/321=2] | 在馆 | |
| 3 | 0564097 | 205640975 | 第四借阅区/ [索取号:H146.2/321=2] | 在馆 | |
| 4 | 0564098 | 205640984 | 第四借阅区/ [索取号:H146.2/321=2] | 在馆 | |
| 5 | 0564099 | 205640993 | 第四借阅区/ [索取号:H146.2/321=2] | 在馆 | |
| 6 | 0564100 | 205641000 | 第四借阅区/ [索取号:H146.2/321=2] | 在馆 | |
| 7 | 0564101 | 205641019 | 第四借阅区/ [索取号:H146.2/321=2] | 在馆 | |
| 8 | 0564102 | 205641028 | 第四借阅区/ [索取号:H146.2/321=2] | 在馆 |